00789nam a2200205 a 450000100100000000500170001000800410002702000180006804000250008610000250011124000280013624501080016426000400027230000290031250000420034150000340038370000440041795201050046199900170056600004077520201002034353.0130906s2007 sp a 000 0 spa d a9788420637976 aDO-SdBNPbspacBNPHU1 aAsimov, Isaac94768510aThe UniverselEspañol13aEl Universo :bde la tierra plana a los quásares /cIsaac Asimov ; traductor Miguel Paredes Larrucea. aMadrid :bAlianza Editorial,c2007. a448 p. :bils. ;c18 cm. aIncluye notas al pie de las páginas aTraducido del idioma inglés1 aParedes Larrucea, Miguel,etrad.967182 001050718MOaGRbGRcHDd2013-09-06iLF1l0o p40775-10r2020-06-25w2020-06-25y1ZNo se presta c40265d40265